[Event "16th EUR-ch"]
[Site "Jerusalem ISR"]
[Date "2015.03.02"]
[Round "6"]
[White "Hasidovsky, Michael"]
[Black "Barnaure, Vlad-Victor"]
[Result "0-1"]
[WhiteElo "2187"]
[BlackElo "2508"]
[EventDate "2015.02.24"]
[PlyCount "112"]

1.Nf3 Nf6 2.c4 c6 3.d4 d5 4.e3 a6 5.Bd3 dxc4 6.Bxc4 e6 7.O-O c5 8.dxc5 
Qxd1 9.Rxd1 Bxc5 10.a3 b5 11.Be2 Nbd7 12.b4 Be7 13.Bb2 Bb7 14.Nbd2 O-O 15.
Rac1 Rac8 16.h3 Nb6 17.Bd4 Na4 18.Nb3 Bd5 19.Rxc8 Rxc8 20.Rc1 Rxc1+ 21.
Nxc1 Ne4 22.Kf1 f6 23.Ke1 e5 24.Ba1 Nec3 25.Bd1 Nxd1 26.Kxd1 Nb6 27.Kc2 
Nc4 28.Bb2 a5 29.bxa5 Nxa5 30.Ne2 Be4+ 31.Kc1 Nc4 32.Nc3 Bc6 33.Nb1 Kf7 
34.Ne1 Ke6 35.g3 g5 36.Nc2 Bg2 37.Nc3 Bxh3 38.Nxb5 Bg2 39.Ne1 Bc6 40.Nc3 
Nxa3 41.Kd1 Nc4 42.Ba1 h5 43.Ke2 Kf5 44.f3 Bc5 45.Ng2 Ke6 46.Ne4 Bxe4 47.
fxe4 Nd6 48.Kd3 Bb4 49.Bb2 Kd7 50.Ba1 Kc6 51.Bb2 Kb5 52.Ba1 Ka4 53.Nf4 
gxf4 54.exf4 Nf7 55.Ke2 Kb3 56.Kf3 Bc3 0-1

[Event "16th EUR-ch"]
[Site "Jerusalem ISR"]
[Date "2015.03.02"]
[Round "6"]
[White "Kantsler, Boris"]
[Black "Kunin, Michael"]
[Result "1-0"]
[WhiteElo "2435"]
[BlackElo "2147"]
[EventDate "2015.02.24"]
[PlyCount "47"]

1.d4 d5 2.c4 c6 3.Nf3 e6 4.Nc3 f5 5.Bf4 Nf6 6.e3 Be7 7.Bd3 O-O 8.h3 Ne4 9.
Qc2 Nd7 10.g4 g5 11.Bg3 Nxg3 12.fxg3 Qc7 13.Kf2 Nf6 14.gxf5 exf5 15.cxd5 
cxd5 16.Kg2 h6 17.Bxf5 Bd6 18.Rhf1 Bxg3 19.Bxc8 Ne4 20.Be6+ Kg7 21.Bxd5 
Nf6 22.Bb3 Rae8 23.Ne2 Nd5 24.Qxc7+ 1-0

[Event "16th EUR-ch"]
[Site "Jerusalem ISR"]
[Date "2015.03.02"]
[Round "6"]
[White "Nakar, Eylon"]
[Black "Bar, Aviv"]
[Result "1-0"]
[WhiteElo "2435"]
[BlackElo "2130"]
[EventDate "2015.02.24"]
[PlyCount "167"]

1.e4 c5 2.Nf3 d6 3.Bb5+ Nd7 4.O-O a6 5.Bd3 g6 6.c3 Bg7 7.a4 Ne5 8.Nxe5 
dxe5 9.Bc4 Nf6 10.d3 b6 11.f4 exf4 12.Bxf4 O-O 13.Nd2 Nh5 14.Bg5 Bf6 15.
Bh6 Bg7 16.Bg5 Bf6 17.Bxf6 Nxf6 18.e5 Nd5 19.Qf3 Be6 20.Ne4 h6 21.Qf2 Nc7 
22.Qh4 Kg7 23.Bxe6 Nxe6 24.Rf3 f5 25.exf6+ exf6 26.Qg3 Ng5 27.Re3 Nxe4 28.
Rxe4 Qd7 29.Rae1 Rae8 30.Qe3 Rxe4 31.Qxe4 Rf7 32.Re3 b5 33.axb5 axb5 34.h4
Qb7 35.Qe6 h5 36.Qd6 Qc7 37.Re6 Qc8 38.Kf2 b4 39.Kg1 bxc3 40.bxc3 c4 41.d4
Qa8 42.Kh2 Qa2 43.Qf4 Qc2 44.Re8 Qb2 45.Rc8 Qb5 46.Qd6 Qf5 47.Rxc4 Qe4 48.
Qg3 Re7 49.Rc7 Rxc7 50.Qxc7+ Kh6 51.Qg3 Kg7 52.Qf2 Qd3 53.Qe1 Kf7 54.Qg3 
Qe4 55.Qf2 Qd3 56.Qf3 Qc4 57.Qb7+ Kg8 58.Qe7 Qxc3 59.Qxf6 Qc7+ 60.Qe5 Qd7 
61.d5 Kf7 62.Qf4+ Ke7 63.Qe4+ Kf7 64.Kg3 Kg7 65.Kf4 Qf7+ 66.Ke3 Qc7 67.
Qd4+ Kg8 68.d6 Qc1+ 69.Kf2 Qc2+ 70.Kg1 Qc8 71.Qf6 Kh7 72.Kh2 Qg4 73.Qe7+ 
Kg8 74.Qe8+ Kg7 75.Qe7+ Kg8 76.d7 Qf4+ 77.Kg1 Qd4+ 78.Kf1 Qf4+ 79.Ke2 Qc4+
80.Ke3 Qc3+ 81.Kf4 Qd4+ 82.Kg3 Qc3+ 83.Kh2 Qc7+ 84.Kh3 1-0

[Event "16th EUR-ch"]
[Site "Jerusalem ISR"]
[Date "2015.03.02"]
[Round "6"]
[White "Murey, Jacob"]
[Black "Pogosian, Vladimir"]
[Result "1-0"]
[WhiteElo "2428"]
[BlackElo "2124"]
[EventDate "2015.02.24"]
[PlyCount "63"]

1.e4 d6 2.d4 Nf6 3.Nc3 e5 4.dxe5 dxe5 5.Qxd8+ Kxd8 6.Bc4 Be6 7.Bxe6 fxe6 
8.Nf3 Nc6 9.Bd2 Bd6 10.O-O-O Ke7 11.a3 h6 12.h3 Nd4 13.Ne1 g5 14.Be3 c5 
15.f3 Nh5 16.Bf2 Rhf8 17.Kb1 Nf4 18.Na2 Rac8 19.Nc1 b6 20.c3 Nc6 21.Ncd3 
c4 22.Nb4 Na5 23.h4 Rh8 24.h5 Bc5 25.Bxc5+ bxc5 26.Nbc2 Rhd8 27.Rxd8 Rxd8 
28.Ne3 Rd2 29.N1c2 Kf7 30.a4 Nxg2 31.Rh2 Rxc2 32.Nxc2 1-0

[Event "16th EUR-ch"]
[Site "Jerusalem ISR"]
[Date "2015.03.02"]
[Round "6"]
[White "Vaisberg, Michael"]
[Black "Petenyi, Tamas"]
[Result "0-1"]
[WhiteElo "2136"]
[BlackElo "2428"]
[EventDate "2015.02.24"]
[PlyCount "116"]

1.d4 Nf6 2.c4 g6 3.Nc3 Bg7 4.e4 d6 5.Nf3 O-O 6.Be2 c6 7.O-O Nbd7 8.Qc2 e5 
9.Rd1 exd4 10.Nxd4 Re8 11.Bg5 Qe7 12.f3 Nc5 13.Qd2 Nfxe4 14.fxe4 Bxd4+ 15.
Qxd4 Qxg5 16.Qxd6 Qe3+ 17.Kh1 Nxe4 18.Nxe4 Qxe4 19.Bd3 Qe5 20.Qb4 Bg4 21.
Rf1 Rad8 22.Rae1 Qc7 23.Qc3 Rxe1 24.Rxe1 Qd6 25.Re3 Be6 26.Qe1 Qd4 27.b3 
Kg7 28.h3 Qb2 29.Re2 Qf6 30.Re3 Qd4 31.Kh2 a5 32.Qe2 a4 33.bxa4 Ra8 34.Re4
Qd6+ 35.Kh1 Rxa4 36.Qb2+ Kg8 37.Re3 Ra3 38.Qe2 Qd4 39.Rxe6 fxe6 40.Qxe6+ 
Kf8 41.Qc8+ Kg7 42.Qxb7+ Kh6 43.Bf1 Qf2 44.Qb1 Rxa2 45.Kh2 Qf4+ 46.Kg1 
Qd4+ 47.Kh2 Ra1 48.Qd3 Qxd3 49.Bxd3 Kg5 50.Be4 c5 51.Bd5 Kf4 52.g3+ Ke3 
53.h4 Kf2 54.g4 h6 55.g5 h5 56.Kh3 Ra3+ 57.Kh2 Rg3 58.Be6 Kf3 0-1

[Event "16th EUR-ch"]
[Site "Jerusalem ISR"]
[Date "2015.03.02"]
[Round "6"]
[White "Drori, Saar"]
[Black "Sipila, Vilka"]
[Result "1-0"]
[WhiteElo "2173"]
[BlackElo "2425"]
[EventDate "2015.02.24"]
[PlyCount "83"]

1.e4 c6 2.d4 d5 3.e5 Bf5 4.Nf3 e6 5.Be2 Ne7 6.O-O c5 7.c3 Nec6 8.Be3 Qb6 
9.b3 Be7 10.Nbd2 O-O 11.a3 cxd4 12.cxd4 a5 13.Qc1 Nd7 14.Qb2 f6 15.exf6 
Bxf6 16.Rfd1 Qc7 17.Nf1 e5 18.Ng3 Bg4 19.dxe5 Ndxe5 20.Nd4 Qd7 21.h3 Be6 
22.Qd2 Bf7 23.Rac1 Rfe8 24.Kh2 Ng6 25.Bb5 Rec8 26.Kh1 Nge7 27.Ba4 Be5 28.
f4 Bf6 29.Bb5 Qd6 30.Nxc6 Nxc6 31.Bc5 Qc7 32.Nf5 Rd8 33.Qf2 d4 34.Bxc6 
Bxb3 35.Rd3 Be6 36.Nxd4 Bxd4 37.Bxd4 Qc8 38.Rg3 g6 39.f5 Bf7 40.fxg6 hxg6 
41.Rf1 Qxc6 42.Qxf7# 1-0

[Event "16th EUR-ch"]
[Site "Jerusalem ISR"]
[Date "2015.03.02"]
[Round "6"]
[White "Kobo, Ori"]
[Black "Drori, Dan"]
[Result "1-0"]
[WhiteElo "2410"]
[BlackElo "2104"]
[EventDate "2015.02.24"]
[PlyCount "87"]

1.d4 Nf6 2.c4 g6 3.Nc3 Bg7 4.Nf3 O-O 5.g3 d6 6.Bg2 c5 7.d5 e6 8.O-O exd5 
9.cxd5 Re8 10.Bf4 a6 11.a4 Ne4 12.Nxe4 Rxe4 13.Nd2 Rb4 14.Ra2 Bxb2 15.Qc2 
Bg7 16.Nc4 a5 17.e4 Ra6 18.Re1 h6 19.Bf1 Qf8 20.Nxd6 Rxd6 21.Qxc5 Rd8 22.
Qxf8+ Bxf8 23.Bxb8 Bd7 24.Bc7 Ra8 25.d6 Bxa4 26.Bh3 Rd4 27.e5 Bc6 28.Rxa5 
Rxa5 29.Bxa5 g5 30.Bg2 f6 31.Bxc6 bxc6 32.e6 Rxd6 33.e7 Bxe7 34.Rxe7 h5 
35.Kg2 g4 36.Bc3 c5 37.Rc7 c4 38.Rxc4 Kf7 39.h3 f5 40.Rc7+ Kg6 41.h4 Kh6 
42.Be5 Re6 43.Bf4+ Kg6 44.Rd7 1-0

[Event "16th EUR-ch"]
[Site "Jerusalem ISR"]
[Date "2015.03.02"]
[Round "6"]
[White "Kraus, Yair"]
[Black "Ben Artzi, Ido"]
[Result "0-1"]
[WhiteElo "2129"]
[BlackElo "2408"]
[EventDate "2015.02.24"]
[PlyCount "132"]

1.d4 d6 2.Nf3 g6 3.c4 Bg7 4.e4 Bg4 5.Be2 Nc6 6.Be3 e5 7.d5 Bxf3 8.Bxf3 Nd4
9.Nc3 Ne7 10.O-O O-O 11.Rc1 c5 12.dxc6 Nexc6 13.a3 Nxf3+ 14.Qxf3 f5 15.
exf5 gxf5 16.Qd5+ Kh8 17.f3 Qf6 18.Rfd1 Rfd8 19.Qd2 Qg6 20.Nd5 Rg8 21.Kh1 
Rae8 22.b4 b6 23.b5 Na5 24.Rc2 Nb3 25.Qd3 Nc5 26.Bxc5 dxc5 27.Re1 e4 28.
fxe4 fxe4 29.Qg3 Qxg3 30.hxg3 Bd4 31.Rce2 Rg5 32.Nf4 e3 33.Kh2 Reg8 34.
Rxe3 Bxe3 35.Rxe3 h6 36.a4 Kh7 37.Nd5 R8g7 38.Rf3 Re5 39.a5 bxa5 40.Ra3 
Reg5 41.Rxa5 Rxg3 42.Nf6+ Kh8 43.Ra2 Rb3 44.Re2 Rf7 45.Re8+ Kg7 46.Nd5 Rb2
47.Rc8 Rff2 48.Rxc5 Rxg2+ 49.Kh3 Rh2+ 50.Kg3 Rbg2+ 51.Kf3 Rf2+ 52.Ke3 Rf7 
53.Rc8 h5 54.c5 h4 55.c6 h3 56.Nf4 Rc2 57.Nxh3 Rc3+ 58.Kd4 Rxh3 59.Rb8 Rh5
60.Kc4 Rf4+ 61.Kd3 Rc5 62.Rb7+ Kf6 63.c7 Rfc4 64.Rxa7 Rxc7 65.Ra6+ Ke5 66.
b6 Rc3+ 0-1

[Event "16th EUR-ch"]
[Site "Jerusalem ISR"]
[Date "2015.03.02"]
[Round "6"]
[White "Zlotogorski, Itay"]
[Black "Kalka, Arkadius Georg"]
[Result "1-0"]
[WhiteElo "2033"]
[BlackElo "2389"]
[EventDate "2015.02.24"]
[PlyCount "133"]

1.d4 d5 2.c4 e6 3.Nc3 Nf6 4.cxd5 exd5 5.Bg5 Be7 6.e3 c6 7.Bd3 Nbd7 8.Nge2 
Nh5 9.Bxe7 Qxe7 10.O-O Ndf6 11.Qd2 g6 12.f3 O-O 13.Ng3 Ng7 14.Qf2 Bd7 15.
h3 Nfh5 16.Nxh5 Nxh5 17.Rae1 Rad8 18.Ne2 Be6 19.Ng3 Ng7 20.f4 f5 21.Rc1 
Rc8 22.Rc3 b6 23.Rfc1 c5 24.b3 Bf7 25.Nf1 Rfe8 26.Bb5 Red8 27.Ba6 Rc7 28.
Nd2 Ne6 29.Nf3 Be8 30.Bf1 Rdc8 31.Qd2 Bc6 32.Ba6 Rd8 33.Bf1 Bb7 34.a4 Rdc8
35.R3c2 Rd8 36.Ne5 Rdc8 37.Nf3 Kg7 38.Bd3 Bc6 39.Ba6 Rd8 40.Bf1 Qd6 41.Ne5
Bb7 42.Qf2 Qe7 43.Bd3 Rf8 44.h4 Rcc8 45.Bf1 Rc7 46.Bd3 Kg8 47.Qg3 Kh8 48.
h5 gxh5 49.Qh3 Qf6 50.b4 c4 51.Be2 h4 52.Kf2 Rg8 53.Rh1 b5 54.axb5 Rcg7 
55.Bf3 Rg3 56.Qxh4 Qg7 57.Ke1 Nf8 58.Ra2 Rg6 59.Rxa7 Rd6 60.Qh5 Qe7 61.
Rxb7 Qxb7 62.Nf7+ Kg7 63.Nxd6 Qa8 64.Qg5+ Ng6 65.Nxf5+ Kf8 66.Qf6+ Ke8 67.
Qc6+ 1-0

[Event "16th EUR-ch"]
[Site "Jerusalem ISR"]
[Date "2015.03.02"]
[Round "6"]
[White "Iovcov, Valerii"]
[Black "Zak, Arad"]
[Result "1-0"]
[WhiteElo "2368"]
[BlackElo "2061"]
[EventDate "2015.02.24"]
[PlyCount "129"]

1.e4 e6 2.d4 d5 3.Nc3 dxe4 4.Nxe4 Nd7 5.Nf3 Ngf6 6.Nxf6+ Nxf6 7.c3 c5 8.
Ne5 a6 9.Qa4+ Bd7 10.Nxd7 Qxd7 11.Qxd7+ Nxd7 12.Be3 cxd4 13.Bxd4 e5 14.Be3
O-O-O 15.Bc4 f6 16.Be6 Kc7 17.O-O-O Be7 18.c4 Nc5 19.Bd5 Nd7 20.Be6 Nc5 
21.Bd5 Nd7 22.f4 Rhe8 23.fxe5 Nxe5 24.Kc2 Bd6 25.c5 Bf8 26.b4 Re7 27.Rd2 
Red7 28.Rhd1 g5 29.h3 h6 30.g3 Ng6 31.Be4 Rxd2+ 32.Rxd2 Rxd2+ 33.Kxd2 Ne5 
34.Bd4 Bg7 35.Bxe5+ fxe5 36.Kd3 b6 37.Kc4 Bf8 38.g4 bxc5 39.bxc5 Be7 40.a4
Bf8 41.Kd5 a5 42.c6 Bb4 43.Kxe5 Bc3+ 44.Kf5 Be1 45.Kg6 Bf2 46.Kxh6 Bh4 47.
Kg6 Kd6 48.Kf6 Kc7 49.Ke6 Bf2 50.Kf6 Bh4 51.Ke5 Bg3+ 52.Kd4 Bf2+ 53.Kd5 
Bg3 54.Kc5 Be1 55.Kb5 Bd2 56.h4 gxh4 57.Bg2 Bg5 58.Kxa5 h3 59.Bh1 h2 60.
Kb5 Bd8 61.a5 Kb8 62.a6 Bc7 63.g5 Ka7 64.g6 Be5 65.c7 1-0

[Event "16th EUR-ch"]
[Site "Jerusalem ISR"]
[Date "2015.03.02"]
[Round "6"]
[White "Saadon, Netanel"]
[Black "Golubov, Saveliy"]
[Result "0-1"]
[WhiteElo "1939"]
[BlackElo "2362"]
[EventDate "2015.02.24"]
[PlyCount "98"]

1.d4 Nf6 2.c4 e6 3.Nf3 d5 4.Nc3 Be7 5.Bg5 h6 6.Bh4 O-O 7.cxd5 Nxd5 8.Bxe7 
Qxe7 9.e3 b6 10.Nxd5 exd5 11.Bd3 Be6 12.O-O Nd7 13.Rc1 c5 14.Bb1 Rfc8 15.
Ne5 Nf8 16.Qf3 c4 17.Qe2 f6 18.Nf3 Bg4 19.h3 Bh5 20.Bf5 Re8 21.b3 b5 22.g4
Bf7 23.Rb1 b4 24.Rfc1 g6 25.Bc2 Rac8 26.Nd2 Red8 27.Bd1 c3 28.Nf3 Ne6 29.
Bc2 Kg7 30.Qd3 Ng5 31.Nxg5 hxg5 32.Kg2 Rh8 33.f4 Rce8 34.fxg5 fxg5 35.Rf1 
Qd6 36.Rf3 Re4 37.Rh1 Be8 38.Qf1 Re7 39.Qf2 Bb5 40.Re1 Qa6 41.e4 dxe4 42.
Rxe4 Rhe8 43.Rxe7+ Rxe7 44.Re3 Rf7 45.Qe1 Qxa2 46.Re2 Bxe2 47.Qxe2 Qa5 48.
Qe4 Qa6 49.Bd3 Qf6 0-1

[Event "16th EUR-ch"]
[Site "Jerusalem ISR"]
[Date "2015.03.02"]
[Round "6"]
[White "Birnboim, Nathan"]
[Black "Kneler, Boris"]
[Result "1-0"]
[WhiteElo "2347"]
[BlackElo "2025"]
[EventDate "2015.02.24"]
[PlyCount "100"]

1.Nf3 Nf6 2.c4 e6 3.g3 d5 4.Bg2 c6 5.O-O Be7 6.d4 O-O 7.Qc2 Nbd7 8.b3 Ne4 
9.Bb2 f5 10.Nbd2 Ndf6 11.Nxe4 Nxe4 12.Rad1 Bd7 13.Ne5 Nf6 14.f3 Be8 15.Nd3
Rc8 16.Nc5 Bxc5 17.dxc5 Qe7 18.b4 Bg6 19.Be5 f4 20.Qc1 fxg3 21.hxg3 Rfe8 
22.Bd6 Qf7 23.Qc3 Nd7 24.e4 Qf6 25.Qe1 Bf7 26.Qe3 Qb2 27.Rb1 Qf6 28.e5 Qd8
29.f4 Bg6 30.Rbd1 Bf7 31.cxd5 cxd5 32.b5 g6 33.Rf2 h5 34.Bf1 Kg7 35.Qd4 
Rh8 36.Rh2 h4 37.g4 Qa5 38.a4 Qd8 39.Qd2 b6 40.c6 Nf8 41.Bd3 Qe8 42.Kh1 
Qd8 43.f5 exf5 44.gxf5 gxf5 45.c7 Qd7 46.Qg5+ Bg6 47.Qf6+ Kg8 48.Bxf8 Qf7 
49.Bd6 Qxf6 50.exf6 Kf7 1-0

[Event "16th EUR-ch"]
[Site "Jerusalem ISR"]
[Date "2015.03.02"]
[Round "6"]
[White "Mordechai, Hanan"]
[Black "Landa, Alex"]
[Result "1-0"]
[WhiteElo "2331"]
[BlackElo "1905"]
[EventDate "2015.02.24"]
[PlyCount "47"]

1.Nf3 d5 2.g3 c6 3.Bg2 Nf6 4.O-O e6 5.d3 Be7 6.Nbd2 O-O 7.e4 dxe4 8.dxe4 
Nbd7 9.e5 Ne8 10.Ne4 Qa5 11.Bf4 b6 12.c4 Nc5 13.Nd4 Bb7 14.Qc2 Rc8 15.Ng5 
g6 16.Rfd1 b5 17.cxb5 Rc7 18.bxc6 Ba8 19.a3 Qb6 20.b4 Na6 21.Ne4 Nb8 22.b5
a5 23.a4 Ng7 24.Be3 1-0

[Event "16th EUR-ch"]
[Site "Jerusalem ISR"]
[Date "2015.03.02"]
[Round "6"]
[White "Manakova, Maria"]
[Black "Iliaguev, Nisim"]
[Result "0-1"]
[WhiteElo "2318"]
[BlackElo "1926"]
[EventDate "2015.02.24"]
[PlyCount "110"]

1.c4 Nf6 2.Nc3 c5 3.Nf3 Nc6 4.d4 cxd4 5.Nxd4 g6 6.e4 d6 7.Be2 Bg7 8.Be3 
O-O 9.f3 Bd7 10.Qd2 a6 11.O-O Rc8 12.Rac1 Nxd4 13.Bxd4 Bc6 14.b4 Nh5 15.
Rfd1 Bxd4+ 16.Qxd4 Nf4 17.Bf1 Qc7 18.Qe3 e5 19.b5 Bd7 20.Qd2 Qb6+ 21.Kh1 
Be6 22.g3 Nh5 23.Na4 Qd8 24.bxa6 bxa6 25.Qxd6 Qa5 26.Nb6 Rcd8 27.Qxd8 Rxd8
28.Rxd8+ Kg7 29.Rb1 Qxa2 30.Rdd1 Qa3 31.Bg2 Qc5 32.Rdc1 Nf6 33.Nd5 Nd7 34.
Ra1 Qd4 35.Bf1 Nc5 36.Rd1 Qf2 37.Ra3 h5 38.Bg2 Qc2 39.Ne3 Qb2 40.Ra5 Nb3 
41.Rxa6 Qe2 42.Rad6 Qxe3 43.R6d3 Qb6 44.Rd6 Qc5 45.f4 Bg4 46.R1d5 Qf2 47.
h3 Bf3 48.Bxf3 Qxf3+ 49.Kh2 Nd4 50.Rxd4 exd4 51.c5 Qf2+ 52.Kh1 Qxg3 53.c6 
Qxf4 54.c7 Qxe4+ 55.Kg1 Qb7 0-1

[Event "16th EUR-ch"]
[Site "Jerusalem ISR"]
[Date "2015.03.02"]
[Round "6"]
[White "Vasiliev, Olga"]
[Black "Gabizon, Eyal"]
[Result "1-0"]
[WhiteElo "2296"]
[BlackElo "1760"]
[EventDate "2015.02.24"]
[PlyCount "125"]

1.e4 c5 2.Nf3 e6 3.d4 cxd4 4.Nxd4 Nc6 5.Nc3 Qc7 6.Be2 a6 7.O-O Nf6 8.Be3 
Bb4 9.Na4 Be7 10.Nxc6 bxc6 11.Nb6 Rb8 12.Nxc8 Qxc8 13.Bd4 c5 14.Be5 Rb6 
15.b3 O-O 16.Bd3 d6 17.Bc3 h6 18.Ba5 Rc6 19.c4 Nd7 20.a3 Bf6 21.Rb1 Bd8 
22.Bd2 Rb6 23.f4 Bf6 24.Rf3 Bd4+ 25.Kh1 d5 26.e5 dxc4 27.Bxc4 f5 28.Rh3 
Re8 29.Qh5 Kh7 30.Rg3 Re7 31.Qg6+ Kh8 32.Rh3 Nf8 33.Qh5 Qb8 34.Qe2 Qa8 35.
Ba5 Rb8 36.Rd1 Qe4 37.Qf1 Nd7 38.Bxa6 Qa8 39.b4 Nb6 40.Bxb6 Rxb6 41.b5 Ra7
42.Rg3 Rbxa6 43.bxa6 Rxa6 44.Qb5 Ra7 45.Qb6 Re7 46.Qd6 Qa4 47.Rgd3 Rd7 48.
Qxe6 c4 49.Qxd7 Qxd7 50.Rxd4 Qc6 51.Re1 c3 52.Rd8+ Kh7 53.Rdd1 c2 54.Rc1 
Kg8 55.e6 Kf8 56.e7+ Ke8 57.h3 Qc4 58.a4 Qxa4 59.Re2 Qxf4 60.Rcxc2 Qb8 61.
Rcd2 Qb1+ 62.Kh2 Qb8+ 63.g3 1-0

[Event "16th EUR-ch"]
[Site "Jerusalem ISR"]
[Date "2015.03.02"]
[Round "6"]
[White "Westreich, Itay"]
[Black "Shevelev, Arkady"]
[Result "0-1"]
[WhiteElo "1929"]
[BlackElo "2285"]
[EventDate "2015.02.24"]
[PlyCount "106"]

1.e4 c6 2.d4 d5 3.Nc3 g6 4.g3 Bg7 5.exd5 cxd5 6.Bf4 a6 7.Bg2 Nf6 8.Qd2 Nc6
9.Nge2 Bf5 10.O-O O-O 11.Rfe1 Rc8 12.Rac1 b5 13.Be3 e5 14.dxe5 Nxe5 15.
Nxd5 Nc4 16.Nxf6+ Qxf6 17.Qc3 Nxe3 18.Qxe3 Qxb2 19.Qb3 Bxc2 20.Qe3 Rfe8 
21.Qd2 Bf5 22.Rxc8 Rxc8 23.Qxb2 Bxb2 24.Nf4 Rc1 25.Rxc1 Bxc1 26.Nd5 Ba3 
27.Kf1 Bb1 28.Nc3 Bd3+ 29.Kg1 Bb2 30.Nd5 Bc4 31.Nc7 a5 32.Bd5 Bd3 33.Kg2 
Be5 34.Na8 Kf8 35.Kf3 Bd4 36.Nc7 Ke7 37.Bc6 b4 38.Bb5 Bxb5 39.Nxb5 Bb2 40.
Ke4 Ke6 41.Nd4+ Bxd4 42.Kxd4 Kd6 43.Kc4 Kc6 44.h4 h5 45.f3 f5 46.Kd4 Kb5 
47.Ke5 Kc4 48.Kf6 a4 49.Kxg6 b3 50.axb3+ axb3 51.Kxf5 b2 52.g4 b1=Q+ 53.
Kf6 Qf1 0-1

[Event "16th EUR-ch"]
[Site "Jerusalem ISR"]
[Date "2015.03.02"]
[Round "6"]
[White "Belytsky, Alexandr"]
[Black "Lukin, Elisha"]
[Result "1-0"]
[WhiteElo "2227"]
[BlackElo "1721"]
[EventDate "2015.02.24"]
[PlyCount "87"]

1.Nf3 d5 2.g3 Nd7 3.d4 Ngf6 4.Bg2 c6 5.O-O e6 6.c4 Bd6 7.Nbd2 O-O 8.Qc2 e5
9.b3 e4 10.Nh4 Nb8 11.f4 Ng4 12.Nb1 f5 13.Nc3 Be6 14.Bh3 Nh6 15.cxd5 cxd5 
16.Nb5 Nc6 17.Nxd6 Qxd6 18.Bb2 Rac8 19.Qd2 Rc7 20.a3 Rfc8 21.Rfc1 b6 22.
Bc3 g6 23.Ng2 Nf7 24.Ne3 Nfd8 25.Bf1 Nb7 26.Nd1 Nca5 27.Qb2 b5 28.e3 Qb6 
29.Rab1 Nc6 30.Bd2 Nd6 31.Rc5 Nd8 32.b4 N8b7 33.Nc3 Nc4 34.Bxc4 dxc4 35.
Rxb5 Qd6 36.Re5 Nd8 37.Nb5 Qc6 38.Nxc7 Rxc7 39.Rc5 Qd7 40.Rxc7 Qxc7 41.d5 
Bxd5 42.Qd4 Qf7 43.Bc3 Kf8 44.Rd1 1-0

[Event "16th EUR-ch"]
[Site "Jerusalem ISR"]
[Date "2015.03.02"]
[Round "6"]
[White "Adar, Idan"]
[Black "Gershkowich, David"]
[Result "1-0"]
[WhiteElo "1912"]
[BlackElo "2227"]
[EventDate "2015.02.24"]
[PlyCount "87"]

1.d4 Nf6 2.c4 e6 3.Nc3 Bb4 4.e3 O-O 5.Ne2 Re8 6.a3 Bf8 7.Ng3 d5 8.cxd5 
exd5 9.Bd3 c5 10.O-O Nc6 11.h3 g6 12.dxc5 Bxc5 13.e4 Qd6 14.Kh1 d4 15.Na4 
Bb6 16.Nxb6 axb6 17.f4 Nd7 18.e5 Qe7 19.Ne4 f5 20.Nd6 Rf8 21.b4 Ndb8 22.
Bc4+ Be6 23.Qb3 Bxc4 24.Qxc4+ Kg7 25.Bb2 Kh6 26.Rad1 Nd7 27.Rfe1 Nd8 28.
Qxd4 Ne6 29.Nxf5+ Rxf5 30.Qxd7 Qxd7 31.Rxd7 Nxf4 32.g4 Rff8 33.e6 Rfe8 34.
h4 g5 35.Bg7+ Kg6 36.h5+ Nxh5 37.gxh5+ Kxh5 38.Bb2 h6 39.Rxb7 Rac8 40.e7 
Rc4 41.Re2 g4 42.Rxb6 g3 43.Kg2 Kg4 44.Rxh6 1-0

[Event "16th EUR-ch"]
[Site "Jerusalem ISR"]
[Date "2015.03.02"]
[Round "6"]
[White "Kochavi, Ori"]
[Black "Schnabel, Ralf"]
[Result "0-1"]
[WhiteElo "1607"]
[BlackElo "2223"]
[EventDate "2015.02.24"]
[PlyCount "80"]

1.e4 d5 2.exd5 Qxd5 3.Nf3 Bg4 4.Be2 c6 5.Nc3 Qd8 6.O-O Nf6 7.d4 e6 8.Be3 
Be7 9.h3 Bh5 10.Ne5 Bxe2 11.Qxe2 O-O 12.Rad1 Nbd7 13.f4 Qc7 14.a3 Rad8 15.
b4 a5 16.Rb1 axb4 17.axb4 b5 18.Qf3 Nd5 19.Nxd5 cxd5 20.Qe2 Rb8 21.Nxd7 
Qxd7 22.c3 Rfc8 23.Bd2 Ra8 24.Ra1 g6 25.Qe5 Ra4 26.f5 Rxa1 27.Rxa1 exf5 
28.Re1 Bf8 29.Ra1 Re8 30.Qg3 h5 31.Ra5 Kh7 32.Qd3 Rb8 33.Bf4 Rb6 34.Ra8 
Bd6 35.Bxd6 Qxd6 36.Ra5 Qf4 37.Rxb5 Re6 38.Qf1 Qg3 39.Rxd5 Re1 40.Rc5 Qe3+
0-1

[Event "16th EUR-ch"]
[Site "Jerusalem ISR"]
[Date "2015.03.02"]
[Round "6"]
[White "Shohat, Yotam"]
[Black "Fischer, Sebastian"]
[Result "0-1"]
[WhiteElo "1903"]
[BlackElo "2256"]
[EventDate "2015.02.24"]
[PlyCount "72"]

1.e4 d5 2.exd5 Qxd5 3.Nf3 Bg4 4.Be2 Nc6 5.O-O O-O-O 6.Nc3 Qd7 7.b4 e5 8.b5
Bxf3 9.Bxf3 Nd4 10.a4 f5 11.Ba3 Bxa3 12.Rxa3 e4 13.Be2 Nxe2+ 14.Qxe2 Qxd2 
15.Qc4 Qd6 16.Qb3 Nf6 17.h3 f4 18.a5 Rhe8 19.b6 a6 20.bxc7 Qxc7 21.Rb1 e3 
22.Ra4 exf2+ 23.Kxf2 Kb8 24.Rc4 Qe7 25.Rb4 Rd7 26.Qc4 Qe3+ 27.Kf1 Nh5 28.
Rxb7+ Rxb7 29.Rxb7+ Kxb7 30.Qd5+ Kc7 31.Qc4+ Kd7 32.Qf7+ Kd6 33.Qd5+ Ke7 
34.Qg5+ Kf8 35.Qf5+ Kg8 36.Qd5+ Kh8 0-1

[Event "16th EUR-ch"]
[Site "Jerusalem ISR"]
[Date "2015.03.02"]
[Round "6"]
[White "Chazan, Yonatan"]
[Black "Gal, Moshe"]
[Result "0-1"]
[WhiteElo "1961"]
[BlackElo "2154"]
[EventDate "2015.02.24"]
[PlyCount "146"]

1.e4 c5 2.c3 e5 3.Nf3 Nc6 4.Bb5 a6 5.Bxc6 dxc6 6.O-O Bg4 7.h3 h5 8.d3 Qf6 
9.Be3 Bxf3 10.Qxf3 Qxf3 11.gxf3 O-O-O 12.Rd1 Bd6 13.Nd2 Bc7 14.Nb3 b6 15.
a4 a5 16.d4 cxd4 17.cxd4 Kb7 18.dxe5 Ne7 19.f4 Ng6 20.Nd4 Nh4 21.Kf1 Rhe8 
22.Nf5 Nxf5 23.exf5 Re7 24.Rxd8 Bxd8 25.Rd1 Bc7 26.Ke2 c5 27.Kf3 Kc6 28.
Rg1 f6 29.e6 Bd6 30.Rd1 Rb7 31.Bd2 Be7 32.Bc3 b5 33.axb5+ Kxb5 34.Ke4 a4 
35.Kd3 Ra7 36.Kc2 Kc6 37.Ra1 Kd5 38.f3 Kc6 39.Rd1 Kb5 40.Rg1 Bd6 41.Re1 
Be7 42.Rd1 Rb7 43.Rd3 Ra7 44.Bd2 Kb6 45.Be3 Kb5 46.Bf2 Kc6 47.Ra3 Kb5 48.
Kc3 Ra6 49.Ra1 Ra5 50.Be3 Ra6 51.Kc2 Ra8 52.Bd2 Ra7 53.Bc3 Ra6 54.Rg1 Bf8 
55.e7 Bxe7 56.Rxg7 Bd8 57.Rd7 Ba5 58.Rb7+ Kc4 59.Bxa5 Rxa5 60.Rb6 a3 61.
bxa3 Rxa3 62.Rxf6 Rxf3 63.Kd2 Rxf4 64.Ke3 Rh4 65.Rh6 Rxh3+ 66.Kf4 Kd5 67.
Rh8 Rh1 68.Rd8+ Kc4 69.Kg5 h4 70.f6 h3 71.f7 Rg1+ 72.Kh6 h2 73.f8=Q h1=Q# 
0-1

[Event "16th EUR-ch"]
[Site "Jerusalem ISR"]
[Date "2015.03.02"]
[Round "6"]
[White "Ciobanu, Camelia-Adriana"]
[Black "Travinsky, Mark"]
[Result "1-0"]
[WhiteElo "2152"]
[BlackElo "1958"]
[EventDate "2015.02.24"]
[PlyCount "61"]

1.d4 Nf6 2.c4 g6 3.Nc3 d5 4.Nf3 Bg7 5.g3 O-O 6.Bg2 dxc4 7.O-O c5 8.d5 Nbd7
9.a4 Ne8 10.Bf4 a6 11.Qd2 Nd6 12.Bh6 Bh8 13.Bxf8 Qxf8 14.e4 b6 15.Rfe1 Ne5
16.Nxe5 Bxe5 17.f4 Qh6 18.Kh1 Bb7 19.Rad1 Bg7 20.g4 Bf8 21.e5 Ne8 22.Qf2 
Rd8 23.f5 g5 24.a5 b5 25.Qxc5 Qh4 26.Qb6 Rd7 27.h3 Rc7 28.Qe3 e6 29.d6 
Bxg2+ 30.Kxg2 Rd7 31.f6 1-0

[Event "16th EUR-ch"]
[Site "Jerusalem ISR"]
[Date "2015.03.02"]
[Round "6"]
[White "Shtivelband, Vladimir"]
[Black "Sassoon, Roei"]
[Result "0-1"]
[WhiteElo "2141"]
[BlackElo "1896"]
[EventDate "2015.02.24"]
[PlyCount "36"]

1.d4 Nf6 2.c4 g6 3.Nc3 Bg7 4.e4 d6 5.Be2 O-O 6.Bg5 Na6 7.g4 c6 8.h4 d5 9.
e5 Ne4 10.Be3 Qa5 11.Nh3 Nxc3 12.Qd2 dxc4 13.bxc3 Rd8 14.Bxc4 b5 15.Bd3 c5
16.h5 Bb7 17.O-O cxd4 18.Bxd4 Rxd4 0-1

[Event "16th EUR-ch"]
[Site "Jerusalem ISR"]
[Date "2015.03.02"]
[Round "6"]
[White "Belokopyt, Boris"]
[Black "Zlatin, Alexander"]
[Result "0-1"]
[WhiteElo "1956"]
[BlackElo "2086"]
[EventDate "2015.02.24"]
[PlyCount "104"]

1.e4 e5 2.Nf3 Nc6 3.Bc4 Bc5 4.c3 Nf6 5.O-O d6 6.d4 Bb6 7.dxe5 Nxe5 8.Nxe5 
dxe5 9.Qxd8+ Kxd8 10.Bxf7 Rf8 11.Bc4 Nxe4 12.Be3 Bxe3 13.fxe3 Rxf1+ 14.
Bxf1 Ke7 15.Na3 Be6 16.Bd3 Nf6 17.b3 Rd8 18.Bc2 Rd2 19.Re1 a6 20.c4 Bd7 
21.Rf1 Bc6 22.e4 Ke6 23.Re1 Rd4 24.b4 Bxe4 25.Bb3 c5 26.bxc5 Rd2 27.Kf1 
Bxg2+ 28.Kg1 Bc6 29.h3 Rg2+ 30.Kf1 Nh5 31.Re3 Ng3+ 32.Ke1 Nf5 33.Rd3 e4 
34.Rd2 Rg3 35.Nc2 Ke5 36.Rh2 a5 37.Rd2 Rxh3 38.Na3 a4 39.Bxa4 Rxa3 40.Bb3 
Ra5 41.Rd8 Rxc5 42.Rh8 h6 43.Kf2 e3+ 44.Ke2 b5 45.cxb5 Bxb5+ 46.Kd1 e2+ 
47.Kd2 Rc1 48.Kxc1 e1=Q+ 49.Kb2 Qd2+ 50.Ka3 Nd6 51.Rb8 Nc4+ 52.Bxc4 Qd6+ 
0-1

[Event "16th EUR-ch"]
[Site "Jerusalem ISR"]
[Date "2015.03.02"]
[Round "6"]
[White "Aronin, Pavel"]
[Black "Lahav, Michal"]
[Result "1-0"]
[WhiteElo "2085"]
[BlackElo "1886"]
[EventDate "2015.02.24"]
[PlyCount "111"]

1.e4 e6 2.d4 d5 3.Nd2 Nf6 4.e5 Nfd7 5.Bd3 c5 6.c3 b6 7.Ne2 Ba6 8.Bxa6 Nxa6
9.Nf3 Be7 10.h4 Nc7 11.Qd3 Qc8 12.Bg5 Qa6 13.Qd2 f6 14.Bf4 Rc8 15.h5 Qa4 
16.O-O O-O 17.h6 g6 18.exf6 Nxf6 19.Ng5 Nh5 20.Bxc7 Bxg5 21.Qxg5 Rxc7 22.
g4 Nf6 23.Nf4 Re7 24.Rae1 Qd7 25.f3 Qd6 26.Kg2 cxd4 27.cxd4 Qb4 28.Nxe6 
Ne4 29.Qxd5 Qxb2+ 30.Kg1 Nc3 31.Qc4 b5 32.Qd3 Rfe8 33.d5 Qb4 34.Re3 Qd6 
35.f4 Nxd5 36.Qd4 Nxe3 37.Qxd6 Nxf1 38.Nc7 Ng3 39.Nxe8 Rxe8 40.Qd7 Re1+ 
41.Kg2 Kf8 42.Kxg3 Re7 43.Qxb5 Re3+ 44.Kf2 Re7 45.Qc5 Kf7 46.Kf3 Rd7 47.f5
gxf5 48.Qxf5+ Ke8 49.Qe6+ Re7 50.Qc8+ Kf7 51.g5 Re6 52.Qc4 Ke7 53.Qxe6+ 
Kxe6 54.g6 hxg6 55.h7 Kf7 56.h8=Q 1-0